Výzvy obchodnej politiky EÚ v oblasti zelenej transformácie v kontexte vzťahov s USA a Čínou diplomová práca

Enregistré dans:
Détails bibliographiques
Auteur principal: Ondrovič, Roman
Collectivité auteur: Obchodná fakulta EU. Katedra medzinárodného obchodu
Autres auteurs: Drieniková, Kristína, 1982-
Format: Livre
Langue:slovaque
Publié: Bratislava 2023
Tags: Ajouter un tag
Pas de tags, Soyez le premier à ajouter un tag!

MARC

LEADER 00000nbm a2200000 4500
001 0293776
005 20240214123811.6
041 0 |a slo 
044 |a SK 
245 1 0 |a Výzvy obchodnej politiky EÚ v oblasti zelenej transformácie v kontexte vzťahov s USA a Čínou  |b diplomová práca  |c Roman Ondrovič ; školiteľ: Kristína Drieniková 
264 1 |a Bratislava  |c 2023 
300 |a 100 s. 
100 1 |a Ondrovič, Roman 
700 1 |a Drieniková, Kristína, 1982- 
710 2 |a Obchodná fakulta EU. Katedra medzinárodného obchodu